书目信息 |
| 题名: |
低压电力线路绝缘子第三部分低压布线用绝缘子:GB/T13863-1997
|
|
| 作者: | 国家技术监督局 发布 | |
| 分册: | ||
| 出版信息: | 北京 中国标准出版社 1997.11 |
|
| 页数: | 8页 | |
| 开本: | 16开 | |
| 丛书名: | ||
| 单 册: | ||
| 中图分类: | TM247-65 | |
| 科图分类: | ||
| 主题词: | 导电材料 , 导电材料--制品 | |
| 电子资源: | ||
| ISBN: | ||
| 000 | 00708nam0 2200205 45 | |
| 001 | 0009211586 | |
| 005 | 20000921151845.6 | |
| 010 | @d8.00元 | |
| 100 | @a20000921d1997 km y0chiy0120 ea | |
| 101 | 0 | @achi |
| 105 | @a z 000yy | |
| 200 | 1 | @a低压电力线路绝缘子第三部分低压布线用绝缘子:GB/T13863-1997@ADi Ya Dian Li Xian Lu Jue Yuan Zi Di San Bu Fen Di Ya Bu Xian Yong Jue Yuan Zi:GB/T13863-1997@f国家技术监督局发布@FGuo Jia Ji Shu Jian Du Ju Fa Bu |
| 210 | @a北京@c中国标准出版社@d1997.11 | |
| 215 | @a8页@d16开 | |
| 606 | 0 | @a导电材料 |
| 606 | 0 | @a导电材料@x制品 |
| 690 | @aTM247-65@v3 | |
| 701 | 0 | @a国家技术监督局@4发布 |
| 801 | @aCN@bPftUser@c20000921 | |
| 905 | @b150177-181@dTM247-65@eG:347:3@f5 | |
| 低压电力线路绝缘子第三部分低压布线用绝缘子:GB/T13863-1997/国家技术监督局发布.-北京:中国标准出版社,1997.11 |
| 8页;16开 |
| ISBN :8.00元 |
| ● |
| 相关链接 |
|
|
|
正题名:低压电力线路绝缘子第三部分低压布线用绝缘
索取号:TM247-65/G:347:3
 
预约/预借
| 序号 | 登录号 | 条形码 | 馆藏地/架位号 | 状态 | 备注 |
| 1 | 150177 | 201501776 | 自科二线504/504自科库 10排1列3层/ [索取号:TM247-65/G:347:3] | 在馆 | |
| 2 | 150178 | 201501785 | 自科二线504/504自科库 10排1列3层/ [索取号:TM247-65/G:347:3] | 在馆 | |
| 3 | 150179 | 201501794 | 自科二线504/504自科库 10排1列3层/ [索取号:TM247-65/G:347:3] | 在馆 | |
| 4 | 150180 | 201501801 | 自科二线504/504自科库 10排1列3层/ [索取号:TM247-65/G:347:3] | 在馆 | |
| 5 | 150181 | 201501810 | 自科二线504/504自科库 10排1列3层/ [索取号:TM247-65/G:347:3] | 在馆 |